000 005600000a22001810004500
003 MACL
005 20160301180341.0
008 160301b xxu||||| |||| 00| 0 eng d
040 _aMACL
_cMACL
041 _aHindi
082 _a954
100 _aशास्‍त्री अजयमित्र
_941840
245 _aत्रिपुरी
260 _bमध्‍यप्रदेश हिन्‍दी ग्रन्‍थ अकादमी
_c1971
_aभोपाल
350 _a15
650 _aHistory
_941841
942 _cHIN
_k954
_2ddc
999 _c26257
_d26257